| 000 | 01343cam a2200349 i 4500 | ||
|---|---|---|---|
| 001 | 16799121 | ||
| 003 | EG-ScBUE | ||
| 005 | 20240502085518.0 | ||
| 008 | 110526s2010 enka f bd 001 0 eng d | ||
| 020 | _a9781848855083 | ||
| 020 | _a1848855087 | ||
| 040 |
_aDLC _beng _erda _cDLC _dEG-ScBUE |
||
| 043 | _aaw----- | ||
| 082 | 0 | 4 |
_a956.04 _222 _bCHA |
| 100 | 1 |
_aAl-Chalabi, Fadhil J., _d1929- _eauthor. _941476 |
|
| 245 | 1 | 0 |
_aOil policies, oil myths : _banalysis and memoir of an OPEC 'insider' / _cby Fadhil Chalabi. |
| 264 | 1 |
_aLondon ; _aNew York : _bI. B. Tauris, _c2010. |
|
| 300 |
_axvii, 311 pages : _billustrations ; _c23 cm |
||
| 336 |
_2rdacontent _atext _btxt |
||
| 337 |
_aunmediated _2rdamedia _bn |
||
| 338 |
_avolume _bnc _2rdacarrier |
||
| 500 | _aIncludes glossary. | ||
| 504 | _aIncludes bibliographical references and index. | ||
| 610 | 2 | 7 |
_aOrganization of Petroleum Exporting Countries _xHistory. _2BUEsh _941481 |
| 650 | 7 |
_aPetroleum industry and trade _xPolitical aspects _zMiddle East _xHistory _y20th century. _2BUEsh _941477 |
|
| 651 | 7 |
_aMiddle East _xHistory _y20th century. _2BUEsh _937123 |
|
| 651 | 7 |
_aMiddle East _xRelations _zWestern countries. _2BUEsh _941479 |
|
| 651 | 7 |
_aWestern countries _xRelations _zMiddle East. _2BUEsh _941480 |
|
| 653 |
_bBUSBOL _cOctober2016 |
||
| 655 | _vReading book | ||
| 942 |
_2ddc _cBB |
||
| 999 |
_c22528 _d22500 |
||